Graphic design basics

Bibliographic Details
Main Author: Arntson, Amy E. (Author)
Format: Book
Language:English
Published: Australia United States : Thomson/Wadsworth , c2007
Edition:5th ed
Subjects:

MARC

LEADER 00000cam a2200000 7i4500
001 0000053708
005 20161214093000.0
008 081202s2007 at eng
020 |a 0495006939 
020 |a 9780495006930 
050 0 0 |a NC1000   |b .A76 2007 
090 0 0 |a NC1000   |b .A76 2007 
100 1 |a Arntson, Amy E. ,   |e author 
245 1 0 |a Graphic design basics   |c Amy E. Arntson 
250 |a 5th ed 
260 |a Australia   |a United States :   |b Thomson/Wadsworth ,   |c c2007 
300 |a xxi, 243 p. :   |b ill. (some col) ;   |c 28 cm. 
504 |a Includes bibliographical references and index 
505 0 |a Applying the art of design -- Graphic design history -- Perception -- Toward a dynamic balance -- Good gestalt -- Using text type -- Layout -- The dynamics of color -- Illustration and photography in design -- Advertising design -- Production: the tools 
650 0 |a Advertising layout and typography 
650 0 |a Graphic arts   |x Technique 
650 0 |a Graphic design (Typography) 
999 |a 1000114944   |b Book   |c OPEN SHELF (30 DAYS)   |e Gong Badak Campus 
999 |a 1000117009   |b Book   |c OPEN SHELF (30 DAYS)   |e Gong Badak Campus